| 000 | 00377pam a2200169 a 4500 | ||
|---|---|---|---|
| 020 | _c | ||
| 041 | _h | ||
| 082 |
_a005.13 _bMIC |
||
| 100 | _aMICROSOFT. | ||
| 245 |
_aMICROSOFT C# LANGUAGE SPECIFICATIONS/ _hTextual Documents |
||
| 250 | _a01-01-2001. | ||
| 260 | _bWP PUBLISHER | ||
| 300 | _aXIX/411 | ||
| 500 | _a4934 | ||
| 653 | _aPROGRAMMING LANGUAGE | ||
| 930 | _a4527 | ||
| 999 |
_c47752 _d47752 |
||